[Event "World Cup"]
[Site "Reykjavik"]
[Date "1991.??.??"]
[Round "8"]
[White "Karpov, Anatoly"]
[Black "Ljubojevic, Ljubomir"]
[Result "0-1"]
[WhiteElo "2730"]
[BlackElo "2600"]
[Annotator "Ftacnik,Lubomir"]
[PlyCount "102"]
[EventDate "1991.09.??"]
[EventType "tourn"]
[EventRounds "15"]
[EventCountry "ISL"]
[EventCategory "16"]
[SourceTitle "CBM 026"]
[Source "ChessBase"]
[SourceDate "1992.02.01"]
[SourceVersion "1"]
[SourceVersionDate "1992.02.01"]
[SourceQuality "1"]

1. d4 {Ernst} Nf6 2. c4 e6 3. Nc3 Bb4 4. Qc2 O-O 5. a3 Bxc3+ 6. Qxc3 b6 7. Bg5 Bb7 8. f3 c5 9. e3 {N} (9. dxc5) ({RR} 9. dxc5 bxc5 10. Nh3 h6 11. Bh4 d6 12. O-O-O Nd5 ({RR} 12... e5 13. Qd2 Ne4 14. Qe1 Nf6 15. Qd2 Ne4 16. Bxd8 Nxd2 17. Be7 Re8 18. Rxd2 Rxe7 19. Rxd6 e4 20. Nf4 Nc6 21. Nd5 Ree8 22. e3 exf3 23. gxf3 Rab8 24. Rg1 Kf8 25. Rg3 Nd4 26. exd4 Re1+ 27. Kc2) 13. Bxd8 Nxc3 14. Rxd6 Nc6 15. Bh4 Na4 16. b3 Nb6 17. Bf2 Na5 18. Kc2 Rfc8 19. e4 Bc6 20. Be2 Nb7 21. Rd2 e5 22. Rhd1 Kf8 23. Be3 Ke7 {Umetsubo,C (2360)-Lopez Miller,I (2161) Florianopolis SC 2025 1-0 (54)}) 9... cxd4 10. Qxd4 (10. exd4 d5) 10... Nc6 11. Qd6 ({RR} 11. Qc3 Rc8 12. Rd1 Ne4 13. Qxg7+ Kxg7 14. Bxd8 Rfxd8 15. fxe4 Na5 16. Nf3 Nxc4 17. Bxc4 Rxc4 18. O-O Rxe4 19. h3 Rxe3 20. Nd4 Re5 21. Rc1 Rc5 22. b4 Rxc1 23. Rxc1 Rc8 24. Rxc8 Bxc8 25. Nb5 Ba6 {Nguyen,N (2567)-Ghaem Maghami,E (2599) Beijing 2008 0-1 (34)}) 11... Ne4 $146 ({RR} 11... h6 12. Bh4 Qe7 13. Qxe7 Nxe7 14. e4 Ng6 15. Bxf6 gxf6 16. O-O-O Rfd8 17. Ne2 Rac8 18. Nc3 Ba6 19. b3 Kf8 20. Kb2 Ke7 21. g3 Ne5 22. Be2 {½-½ (22) Babu,N (2445)-Anilkumar,N (2325) Kolkata 1996}) 12. Bxd8 Nxd6 13. Bh4 Ba6 (13... Nf5 14. Bf2 Ne5 15. e4 Nd6 16. b3 $14) 14. b3 Nf5 15. Bf2 Na5 16. Rb1 (16. e4 $6 Nxb3 $1 17. Rd1 Ne7 18. Rxd7 Nc6 $17) 16... d5 17. cxd5 Bxf1 18. Kxf1 exd5 19. g4 $1 Ne7 $1 20. Ne2 Rac8 21. Rb2 (21. Kg2 Rc2 22. Nd4) 21... f5 $1 22. Kg2 (22. g5 f4 $1 23. exf4 Ng6 24. Bg3 d4 $132) 22... fxg4 23. fxg4 h5 $1 24. gxh5 (24. h3 hxg4 25. hxg4 Rc6 $10) 24... Rf5 25. h6 (25. Rc1 $1 $14) 25... Rg5+ $1 26. Bg3 (26. Ng3 $5) 26... Nf5 27. Kf2 (27. hxg7 {Ernst} Nxe3+ 28. Kf3 Nc2 29. Rc1 Nd4+ 30. Kg2 $10) 27... Nxh6 28. Nd4 (28. Rd1 $10) 28... Ng4+ 29. Ke2 (29. Kf3 Rf8+ 30. Ke2 Nxh2 $1) 29... Nf6 30. Kf3 Nc6 31. Ne6 (31. Nxc6 Rxc6 32. Bf4 Rf5 33. h4 d4 $15) 31... Rf5+ 32. Kg2 Re8 33. Nd4 Nxd4 34. exd4 Re3 35. Re1 Rd3 36. Re5 Rff3 37. Re7 a5 38. b4 $6 (38. Be5 $1 $132) 38... Nh5 $1 39. bxa5 Nxg3 (39... bxa5 $19 {Ernst}) 40. hxg3 $2 (40. axb6 $1 Nh5 (40... Nf5 41. Re1 Nh4+ 42. Kg1) 41. Re1 Nf4+ 42. Kg1 Rb3 43. Reb1 Nh3+ 44. Kg2 Nf4+ 45. Kg1 $10) 40... Rxg3+ 41. Kh2 bxa5 42. Rd7 $2 (42. Re5 Rh3+ 43. Kg2 Rdg3+ 44. Kf1 Rh1+ 45. Kf2 Rxa3 $17) 42... Rg5 43. Rg2 Rxg2+ 44. Kxg2 Rxd4 45. Kf3 Rd3+ 46. Ke2 Rxa3 47. Rxd5 Kh7 48. Kf2 Kh6 49. Rc5 g5 50. Kg2 Kh5 51. Rd5 Kh4 {Ftacnik,L} 0-1

[Event "World Cup"]
[Site "Belfort"]
[Date "1988.06.??"]
[Round "4"]
[White "Karpov, Anatoly"]
[Black "Ljubojevic, Ljubomir"]
[Result "1/2-1/2"]
[WhiteElo "2715"]
[BlackElo "2610"]
[PlyCount "90"]
[EventDate "1988.06.??"]
[EventType "tourn"]
[EventRounds "15"]
[EventCountry "FRA"]
[EventCategory "15"]
[SourceTitle "CBM 008"]
[Source "ChessBase"]
[SourceDate "1989.02.01"]
[SourceVersion "1"]
[SourceVersionDate "1989.02.01"]
[SourceQuality "1"]

1. d4 Nf6 2. c4 e6 3. Nc3 Bb4 4. Qc2 d5 5. cxd5 Nxd5 6. a3 Nxc3 7. bxc3 Ba5 8. Nf3 c5 9. Bd2 cxd4 10. cxd4 Nc6 11. e3 Bd7 12. Bd3 Rc8 13. Qb1 $146 ({RR} 13. Qb2 O-O 14. O-O Bxd2 15. Nxd2 Na5 16. Rac1 Bc6 17. Qb1 h6 18. Bb5 Qb6 19. Bxc6 Qxb1 20. Nxb1 Nxc6 21. Nd2 Rfd8 22. f4 Ne7 23. Kf2 Nd5 24. Ke2 Kf8 25. Kd3 Ke7 26. Nb3 b6 27. Rxc8 Rxc8 {Duong,T (2281)-Cao,S (2488) Dalat City 2004 0-1 (52)}) 13... Qb6 14. Ke2 Qxb1 15. Rhxb1 Bxd2 16. Nxd2 Rc7 17. Ra2 Na5 18. Nb3 Nxb3 19. Rxb3 Bc6 20. Bb5 Bxb5+ 21. Rxb5 Kd7 22. a4 Kc8 23. Kd3 Rd8 24. Ke4 Rd6 25. g4 Ra6 26. h4 Rc4 27. a5 b6 28. f4 Rxa5 29. Raxa5 bxa5 30. f5 Rc6 31. Rxa5 Kb7 32. Re5 exf5+ 33. gxf5 Kb6 34. d5 Rc4+ 35. Kd3 Rxh4 36. Re7 Kc5 37. e4 Rh3+ 38. Kd2 f6 39. Rxg7 a5 40. Rc7+ Kd6 41. Rc6+ Ke5 42. Re6+ Kd4 43. d6 Rh2+ 44. Ke1 Ke3 45. Kf1 Kf3 1/2-1/2

[Event "RUS-chT 26th"]
[Site "Sochi"]
[Date "2019.05.08"]
[Round "7.1"]
[White "Karpov, Anatoly"]
[Black "Matlakov, Maxim"]
[Result "1/2-1/2"]
[WhiteElo "2616"]
[BlackElo "2697"]
[PlyCount "54"]
[EventDate "2019.05.01"]
[EventType "team-tourn"]
[EventRounds "9"]
[EventCountry "RUS"]
[SourceTitle "CBM 190 Extra"]
[Source "ChessBase"]
[SourceDate "2019.07.15"]
[SourceVersion "1"]
[SourceVersionDate "2019.07.15"]
[SourceQuality "1"]
[WhiteTeam "Sverdlovskaya Sima Land"]
[BlackTeam "St Petersburg Bronze Horseman"]
[WhiteTeamCountry "RUS"]
[BlackTeamCountry "RUS"]

1. d4 Nf6 2. c4 e6 3. Nc3 Bb4 4. Qc2 O-O 5. a3 Bxc3+ 6. Qxc3 d5 7. Bg5 dxc4 8. Qxc4 b6 9. Rd1 Ba6 10. Qa4 h6 11. Bh4 Qe7 12. Nf3 Rd8 ({RR} 12... c5 13. dxc5 bxc5 14. g4 Qb7 15. Bxf6 gxf6 16. Rd2 Qc7 17. Rg1 Rd8 18. Rxd8+ Qxd8 19. h4 Bb7 20. g5 hxg5 21. hxg5 Bxf3 22. gxf6+ Kf8 23. Qf4 Qd5 24. exf3 Nc6 25. Qh6+ Ke8 26. Rg8+ Kd7 27. Rxa8 {Deac,B (2674)-Kukhmazov,A (2442) chess.com INT 2025 1-0 (35)}) 13. e3 Bxf1 14. Rxf1 c5 15. Ke2 $146 ({RR} 15. dxc5 Rxd1+ 16. Qxd1 g5 17. Bg3 Qxc5 18. Qd8+ Kg7 19. Be5 Qc1+ 20. Ke2 Qc4+ 21. Qd3 Qxd3+ 22. Kxd3 Nbd7 23. Rc1 g4 24. Bxf6+ Kxf6 25. Nd2 Ne5+ 26. Ke2 Rd8 27. f4 gxf3+ 28. gxf3 Rd7 29. Rc8 Ng6 {Artemiev,V (2700)-Ding,L (2799) chess24.com INT 2022 ½-½ (69)}) ({RR} 15. dxc5 Rxd1+ 16. Kxd1 Qxc5 17. Bxf6 gxf6 18. Nd4 a6 19. Qe8+ Qf8 20. Qxf8+ Kxf8 21. Ke2 Nd7 22. Rc1 Ke7 23. e4 Rg8 24. g3 h5 25. h3 a5 26. Ke3 Nc5 27. b4 axb4 28. axb4 Nd7 29. Nc6+ Kd6 {Gustafsson,J (2620)-Burg,T (2530) Neuwied GER 2024 ½-½ (68)}) ({RR} 15. dxc5 Rxd1+ 16. Qxd1 Qxc5 17. Qd8+ Kh7 18. Bxf6 gxf6 19. Qxf6 Nc6 20. Qxf7+ Kh8 21. Qf6+ Kh7 22. Qf7+ Kh8 23. Qf6+ Kh7 24. Qc3 Qb5 25. Nd4 Nxd4 26. exd4 Qd5 27. f3 Rd8 28. Rf2 Qxd4 29. Qxd4 Rxd4 {Taylor,M (2328)-Dargan,P (2123) England 2019 1-0 (42)}) 15... Nbd7 16. Ne5 Nxe5 17. dxe5 g5 18. exf6 Qxf6 19. Bg3 Qxb2+ 20. Kf3 Qf6+ 21. Ke2 Qb2+ 22. Kf3 Qf6+ 23. Ke2 Qb2+ 24. Kf3 Qf6+ 25. Ke2 Qb2+ 26. Kf3 Qf6+ 27. Ke2 Qb2+ 1/2-1/2

[Event "Karpov-Piket Match"]
[Site "Monte Carlo"]
[Date "1999.02.27"]
[Round "6"]
[White "Karpov, Anatoly"]
[Black "Piket, Jeroen"]
[Result "1/2-1/2"]
[WhiteElo "2710"]
[BlackElo "2619"]
[Annotator "Golod,Vitali"]
[PlyCount "95"]
[EventDate "1999.02.21"]
[EventType "match"]
[EventRounds "8"]
[EventCountry "MNC"]
[SourceTitle "CBM 070"]
[Source "ChessBase"]
[SourceDate "1999.06.08"]
[SourceVersion "1"]
[SourceVersionDate "1999.06.08"]
[SourceQuality "1"]

1. d4 {Piket} Nf6 2. c4 e6 3. Nc3 Bb4 4. Qc2 O-O 5. a3 Bxc3+ 6. Qxc3 b6 7. Bg5 Bb7 8. f3 h6 $5 (8... d5 $5 9. e3 Nbd7 10. Nh3 $5 {-see comments to Elbilia,J-Gershon,A/Bermuda,1999/CBM 69(½-½)(Golod,V)(43)}) 9. Bh4 d5 10. e3 c5 $5 (10... Nbd7 $5 {(is the main line)-see comments to Teplitsky,Y-Gershon,A/Bermuda,1999/CBM 69(½-½)(Golod,V)(27),and Gelfand,B-Tiviakov,S/Elista,1998/CBM 65(½-½)(Golod,V)(23)}) 11. dxc5 $5 ({Another alternative is:} 11. cxd5 $5 g5 $5 (11... Nxd5 {Dautov} 12. Bxd8 Nxc3 13. Be7 (13. Bxb6 $1 $14 {Golod,V}) 13... Re8 14. bxc3 (14. Bxc5 $2 Nd5) (14. Bh4 $2 Nd5 15. e4 $2 Ne3 $17) 14... Rxe7 $10) (11... cxd4 $2 12. Qxd4 g5 13. Bg3 exd5 14. Bxb8 $1 Rxb8 $140 15. h4 $16 {1-0 Balogh,A-Rouleau,P/Montreal 1996/EXT 99 (40)}) 12. Bf2 Nxd5 13. Qd2 cxd4 14. exd4 Nc6 $5 $13 {(Dautov)} (14... e5 $143 15. h4 (15. dxe5 $5 Re8 16. Bg3 Nc6 17. Bb5 $14) 15... exd4 16. hxg5 Re8+ 17. Ne2 d3 $1 $132 {½-½ Ivanchuk,V-Kasparov,G/Frankfurt 1998/CBM 65 ext (48)})) 11... bxc5 12. Bxf6 $5 {Besides,white has several options:} (12. cxd5 $5 {Dautov} g5 $1 (12... exd5 {Luther} 13. Qxc5 Nc6 $44) 13. Bf2 Nxd5 14. Qd2 (14. Qxc5 $5 Qf6 $5 15. Qd4 Qxd4 16. exd4 Rc8 17. Kd2 Nc6 18. b4 Rd8 $44) 14... Qf6 $5 (14... Nb6 $143 15. Qc2 Kg7 16. h4 f6 17. hxg5 fxg5 18. Ne2 N8d7 19. O-O-O Qe8 20. Ng3 $16 {1-0 Jelen,I-Podlesnik,B/Grize 1996/EXT 97 (27)}) (14... Nc6 15. Ne2 Ne5 16. Nc3 c4 17. Nxd5 Qxd5 18. e4 Qxd2+ 19. Kxd2 Rfd8+ 20. Kc3 Nd3 21. Be3 Ba6 {½-½ Topalov,V-Lautier,J/Monte Carlo MNC 1999 (21)}) 15. h4 Rd8 $1 {[%csl Rg8][%cal Gg8f8,Gf8e7]} (15... Nc6 $6 16. hxg5 hxg5 17. Qc2 Qg7 18. Ne2 Rfd8 19. Nc3 Nxc3 20. bxc3 Ne5 21. e4 Qf6 22. Rb1 $16 {Sadler,M-Luther,T/Cuxhaven,1994/Inf 61/(578)(22)}) 16. Qc2 Qe5 17. e4 Nc6 18. Be2 $6 (18. hxg5 $5 hxg5 19. Bxc5 $13) 18... Nf4 19. g3 Nxe2 20. Nxe2 Nd4 21. Nxd4 cxd4 $15 {Dzevlan-Luther/Budapest Kasparov/1991}) (12. O-O-O $143 Nbd7 13. Nh3 Qb6 14. Nf2 Bc6 15. Be2 Rab8 16. Rd2 a5 17. Qc2 Rfc8 $10 {Mohr-Gruenberg/Bad Lauterberg/1991}) (12. Bd3 $143 d4 13. exd4 cxd4 14. Qc2 Nbd7 (14... e5 $5) 15. Ne2 Rc8 16. O-O e5 17. Bf2 Nc5 18. b4 Nxd3 19. Qxd3 Qe7 20. Ng3 Rfe8 $11 {1-0 Grigutavicius,D-Bacrot,E/Paris 1996/Juniors}) 12... Qxf6 13. Qxf6 gxf6 14. O-O-O $5 $146 {[%mdl 8] 'N!' Piket.} (14. Rc1 {[%csl Rc5] Dautov} Nd7 15. cxd5 Bxd5 (15... exd5 $2 16. Bb5 Rfd8 17. Bxd7 Rxd7 18. Rxc5 $16) 16. Bb5 $5 (16. Ne2 $6 {-see comments to Lautier,J-Gelfand,B/Dos Hermanas,1995/CBM(0-1)(Gelfand)(73)}) 16... Rfd8 17. Ne2 (17. Bxd7 $143 Rxd7 18. Rxc5 Bb3 19. Rc1 Rad8 20. Ne2 Rd2 $15) (17. e4 $143 Bb3 18. Ne2 (18. Rc3 c4 19. Bxc4 Bxc4 20. Rxc4 Ne5 21. Rc2 Rac8 22. Rxc8 Rxc8 $36) 18... Rab8 19. Nc3 (19. Bxd7 $143 Rxd7 $15) 19... Ne5 20. Ke2 $140 $2 Bc4+ 21. Bxc4 Rxb2+ $17) 17... Rab8 18. a4 (18. Nc3 $5 {Dautov}) 18... a6 19. Bxa6 Rxb2 $10 {-see comments to Bareev,E-Luther,T/Tilburg,1994/CBM 44(½-½)(Dautov)(24)}) (14. Ne2 $6 Nd7 15. cxd5 Bxd5 16. O-O-O Ne5 $5 (16... Rfd8 $5 17. Nc3 Bb3 18. Rd2 Nb6 $5 (18... f5 $5 19. e4 fxe4 20. Nxe4 f5 21. Nc3 Ne5 22. Be2 Nc6 23. Bd1 Nd4 $11 {½-½ Ilincic,Z-Gligoric,S/Podgorica 1996/CBM 53 (44)}) 19. Rxd8+ Rxd8 20. Be2 f5 21. Bd1 Bd5 {½-½ Drasko,M-Gligoric,S/Podgorica 1996/CBM 53 (21)}) 17. Nc3 Bb3 18. Rd2 Rfd8 19. Rxd8+ Rxd8 20. Be2 Kf8 21. Rf1 f5 22. e4 f4 {=/;½-½ Sokolov,I-Kamsky,G/Groningen 1995/CBM 51 (51)}) (14. cxd5 $6 exd5 $5 {Dautov(×e3)} (14... Bxd5 $5 15. Rc1 Rc8 16. e4 Bb3 17. Rc3 c4 18. Ne2 $6 (18. f4 $5 {[%cal Gg1f3,Gf3d2]}) 18... Nd7 19. Nd4 Rab8 20. Kd2 Ba4 21. Kc1 Nb6 $15 {0-1 Andersson,J-Lampen,T/Vantaa 1996/EXT 99 (30)}) 15. Bd3 (15. Rc1 $144 c4 16. Ne2 Nc6 17. Kd2 Rad8 18. Nd4 Nxd4 19. exd4 Bc8 $10) (15. Ne2 $5) 15... Nc6 16. Ne2 Ne5 $10) 14... dxc4 $146 ({Dubious:} 14... Rd8 {because of:} 15. cxd5 Rxd5 (15... exd5 16. Nh3 $14) 16. Rxd5 exd5 (16... Bxd5 17. Ne2 $14) 17. Bd3 {and white has a slight advantage in the endgame.}) (14... Nd7 {Piket} 15. cxd5 Bxd5 (15... exd5 16. Nh3) 16. e4 Bc6 17. Rd6 Ne5 $5 (17... Rac8 18. Ba6 Rc7 19. Ne2 $16) (17... Rfc8 18. Ba6 Rc7 19. Ne2 $16 (19. Rxc6 Rxc6 20. Bb7 Rac8 $13))) ({RR} 14... Nd7 15. cxd5 exd5 16. Nh3 Nb6 17. Bd3 Rfe8 18. Rhe1 Re5 19. Nf2 Kg7 20. Kd2 h5 21. Rc1 Rc8 22. h4 Nd7 23. Bb5 Bc6 24. Bxc6 Rxc6 25. Nd3 Re8 26. Nf4 Rb6 27. Rc2 Rd6 28. Nxh5+ Kf8 29. Nf4 {Khanukov,B (2313)-Perman,T (2130) Saint Vincent 2001 1-0 (49)}) 15. Bxc4 Nc6 {e5} 16. Nh3 $5 {[%csl Yc4,Ye2] /=} ({Slightly worse is:} 16. Ne2 {in view of:} Ne5 17. Ba2 Rfd8 $11 {[%cal Gg8f8,Gf8e7]} (17... Ba6 $143 18. Nf4 $14)) (16. Rd7 $2 {is refuted by:} Ne5 17. Rxb7 Nxc4 18. e4 Rfb8 $15 {[%csl Rb2]}) 16... Ne5 17. Be2 Bd5 ({Also can be recommended:} 17... Rfd8 18. Nf4 Kf8 {e7/=}) 18. Rd2 f5 $5 {(×e4)} 19. Nf2 (19. Re1 Rab8 20. Nf2 {transfers to-19.f2}) 19... Rab8 20. Re1 ({Senseless:} 20. Rc2 {because of:} Rfc8 21. Rc3 Bb3 $11) (20. Kb1 $5 {Piket}) 20... Rfc8 {[%csl Gc5,Yc8][%cal Yc8c5] c5-c4} 21. Nd1 {[%csl Rc3][%cal Gd1c3]} ({Interestingly} 21. f4 $5) (21. f4 {Piket} Nc6 22. g4 Na5) 21... Bc4 $5 22. f4 (22. Bxc4 $143 Nxc4 23. Rc2 (23. Rd7 $143 Ne5 {[%csl Rc1,Re1][%cal Ge5d3]}) 23... Ne5 $11) 22... Bxe2 23. Rexe2 Nc6 $5 {[%csl Ra7,Yc6][%cal Yc6a7,Gg8f8,Gf8e7]} 24. Rd7 Kf8 25. Red2 Ke8 {[%csl Rc1,Rd2,Rd7][%cal Gc6d4,Gd4b3]} ({After:} 25... Rd8 $2 26. Rc7 {white has a big advantage.}) (25... Rb6 {Piket}) 26. R2d6 Rb3 {[%csl Re3] '!' Piket.} (26... Rb6 $2 {Piket} 27. Rxa7) 27. g3 (27. Kc2 $142 c4 28. Nc3 $36) 27... a6 (27... h5 $5 {Piket}) 28. Kc2 c4 {with the idea:29...d3!30.d3 cxd3 31.xd3 b4+(צd3)} 29. Rd2 ({Dubious:} 29. Nc3 {in view of:} Ne7 {[%csl Rb2][%cal Gc8b8]} (29... Rcb8 {Piket}) 30. Ra7 $140 $2 Rcb8 31. Nd1 Nc8 {[%csl Ra7,Rd6]} 32. Rdxa6 Nxa7 33. Rxa7 $17) (29. h3 {Piket} Rd3 $1) 29... h5 $5 {[%csl Gh5,Rh6][%cal Gh6h5]} 30. R7d6 Rc7 {[%cal Ge8e7]} 31. Nc3 Ke7 32. Rd1 $6 ({Can be recommended:} 32. e4 $5) 32... Rb6 {[%csl Rd6][%cal Gc6b4]} 33. Kc1 Rb3 34. Kc2 Rb6 35. Kb1 $138 Rb3 36. Ka1 {'?!' Piket.} (36. Ka2 $144 Rb6 {[%csl Rd6][%cal Gc6b4]}) 36... Nb8 $5 {b} 37. R6d4 ({Badly:} 37. Kb1 {in view of:} Rcb7 {[%csl Rb2,Rc3][%cal Gb3c3,Gb3b2]} 38. Na4 Rxa3 39. Nc5 Rb5 $17) 37... Rb6 38. e4 (38. Ka2 $5) 38... fxe4 39. Rxe4 (39. Nxe4 $142 Nd7 {/=} (39... Rd7 $6 40. Nc5 Rdd6 41. Kb1 Rbc6 42. Rxd6 Rxd6 43. Rxd6 Kxd6 44. Ne4+ $16 {[%csl Rc4,Rh5]})) (39. Rd5 {Piket} Rcb7) 39... Rd6 $11 40. Rxd6 (40. Rd5 {Piket} Nd7) (40. Nd5+ {Piket} Kd8) 40... Kxd6 41. Kb1 (41. f5 $5 {Piket}) 41... f5 $1 42. Rd4+ Ke7 {Black's plan is:d7-b6(קc4) or d7-f6-g4} 43. Kc2 Nd7 44. Nd1 {[%csl Rc4][%cal Gd1e3]} (44. Na4 $142 {Piket} Nf6 45. Nb6 Ng4 46. h4 Ne3+ 47. Kc3 Nf1 48. Rxc4 Rb7 $14 (48... Rxc4+ 49. Nxc4 Nxg3 50. Kd4 $16 Ne2+ 51. Ke3)) 44... Nb6 45. Ne3 a5 $1 {(×b4)} 46. Kc3 Na4+ 47. Kc2 Nb6 48. Kc3 1/2-1/2

[Event "Karpov-Piket Match"]
[Site "Monte Carlo"]
[Date "1999.03.02"]
[Round "8"]
[White "Karpov, Anatoly"]
[Black "Piket, Jeroen"]
[Result "1/2-1/2"]
[WhiteElo "2710"]
[BlackElo "2619"]
[Annotator "Wells,Peter K"]
[PlyCount "76"]
[EventDate "1999.02.21"]
[EventType "match"]
[EventRounds "8"]
[EventCountry "MNC"]
[SourceTitle "CBM 070"]
[Source "ChessBase"]
[SourceDate "1999.06.08"]
[SourceVersion "1"]
[SourceVersionDate "1999.06.08"]
[SourceQuality "1"]

1. d4 {Piket} Nf6 2. c4 e6 3. Nc3 Bb4 4. e3 O-O 5. Nge2 d5 6. a3 Be7 7. cxd5 exd5 8. g3 c6 9. Bg2 Na6 (9... Bf5 10. O-O Qd7 11. f3 h5 $5 12. e4 dxe4 13. fxe4 Bg4 14. Be3 Nh7 {[%cal Gh5h4,Gh7g5]} 15. Qe1 Ng5 16. Nf4 Na6 17. Kh1 Nc7 18. Qf2 Bf6 19. Rac1 $14 {1-0 Gurevich,M-Cekro,E/Deutschland 1996/(36).}) 10. Bd2 $146 {A new move, but not a particularly promising one. For sure this move crops up in the main line too, but to play it already here is rather inflexible.} (10. O-O Nc7 11. b4 (11. f3 $5 {is the most direct, since it can prepare either play in the centre with e3-e4, or a king-side expansion starting g3-g4. The drawback is that after ...c7-c5 black can hope to show that e3 is a weakness.} c5 (11... a5 12. Bd2 Nfe8 13. Qc2 b5 14. Rad1 Ba6 15. Rfe1 Ne6 16. Bc1 Rc8 17. Kh1 b4 18. axb4 axb4 19. Na4 b3 20. Qb1 (20. Qxb3 $5 Rb8 21. Qc2 Bc4 22. Rd2) 20... Qa5 21. Nac3 Bb4 22. e4 Nd6 $132 {0-1 Summerscale,A-Aagaard,J/London 1997/CBM 60 (39)}) 12. dxc5 $5 (12. Bd2 b6 13. Be1 Re8 14. Qd2 Ba6 15. Bf2 cxd4 16. exd4 Bd6 $11 {1-0 Gyimesi,Z-Epishin,V/Parnu 1996/CBM 52 (45)}) 12... Bxc5 13. b4 Bd6 14. Qd3 Re8 15. Rd1 Qe7 16. Nd4 Bd7 17. Bd2 Rac8 {and it is hard to believe that black should not have enough play to maintain the balance given the weakness of e3. 1-0 Saidy,A-Unzicker,W/Venice 1969/EXT 99 (41)}) (11. Nf4 a6 $1 12. Nd3 Nb5 13. Ne5 Re8 14. a4 Nd6 15. b4 Be6 16. a5 Nde4 {with very comfortable play for black0-1 Guliev,S-Timman,J/Pula 1997/Inf 69 (75)}) 11... Re8 (11... a5 12. bxa5 Rxa5 13. a4) 12. f3 a5 13. Rb1 axb4 14. axb4 Be6 15. Qc2 Qd7 16. g4 {typical for this line, white has aspirations to expand on both wings.} h5 $1 17. h3 hxg4 18. fxg4 (18. hxg4 Nh7 $132) 18... Nh7 19. Na4 Qd8 20. Nc5 Bc8 $13 {1-0 Christiansen,L-Kavalek,L/Los Angeles (m/1) 1987 (47). White is active, but has his weaknesses too.}) ({RR} 10. O-O Be6 11. b4 Nc7 12. f3 Qd7 13. Nf4 Rfd8 14. Rb1 b6 15. Nce2 Bf5 16. Rb3 h6 17. Nd3 Nb5 18. Ne5 Qb7 19. g4 Bh7 20. Qe1 Nd6 21. Ng3 Rac8 22. Qe2 Rc7 23. Bb2 Nd7 24. Nxd7 Rcxd7 {Tolush,A-Kondratiev,P Leningrad 1954 1-0 (47)}) ({RR} 10. Qc2 Nc7 11. O-O a5 12. Bd2 Re8 13. Rad1 Ne6 14. Bc1 b5 15. f3 Ba6 16. Rfe1 Rc8 17. Kh1 b4 18. Na4 c5 19. Nxc5 Nxc5 20. dxc5 Bxc5 21. Bh3 Rc7 22. Qb3 bxa3 23. bxa3 Bc4 24. Qb2 Bxe3 {Conquest,S (2565)-Adams,M (2744) Birmingham 2001 0-1 (54)}) ({RR} 10. Nf4 Nc7 11. Nd3 Bf5 12. O-O Nce8 13. b3 Nd6 14. Ne2 Re8 15. Nc5 Qc8 16. Nf4 g5 17. Nfd3 Nde4 18. f3 Nxc5 19. Nxc5 b6 20. Nd3 h6 21. Nf2 Bf8 22. Re1 g4 23. fxg4 Nxg4 24. Ra2 Nf6 {Chirivi Castiblanco,J (2083)-Zapata Cuartas,J (2075) Medellin 2021 1-0 (37)}) ({RR} 10. O-O Bf5 11. h3 h6 12. g4 Bh7 13. Ng3 Nc7 14. f4 Nfe8 15. f5 Nd6 16. Qf3 Bh4 17. b3 Nce8 18. Nh5 Nf6 19. Nxf6+ Qxf6 20. Bd2 Rae8 21. Be1 g6 22. Bxh4 Qxh4 23. Qf4 Rd8 24. fxg6 Bxg6 {Norri,J (2370)-Hracek,Z (2390) Arnhem 1989 0-1 (43)}) 10... Nc7 11. Qc2 (11. O-O Bf5 12. f3 h5 $5) (11. b4 $5 {Piket}) 11... g6 12. f3 (12. h3 $5 {Piket} Bf5 13. Qb3 Rb8 14. g4) 12... Ne6 {'!' Piket.} 13. Na4 Re8 14. O-O a5 (14... b6 $2 {Piket} 15. Qxc6 Ba6 16. Nac3 Rc8 17. Qa4) 15. Kh1 b5 $1 16. Nac3 {After this white has a passive position but the problem is that after} (16. Nc5 Nxc5 17. dxc5 Nd7 {white can only defend c5 at the expense of weakening the c4 square.} (17... Bf5 $6 18. Qc3 Nd7 (18... b4 19. axb4 axb4 20. Qd4 (20. Qxb4 Bd3 21. Rxa8 Qxa8 22. Re1 Bxe2 23. Rxe2 Nd7) 20... b3 $132) 19. Nd4 Bf6 $13 (19... Bf6 {Piket} 20. g4 Be6 $13)) 18. Nd4 Qc7 $1 19. b4 axb4 20. axb4 Rxa1 21. Rxa1 Ne5 $132 {[%csl Gc4][%cal Ye5c4]}) 16... Ba6 17. Rfe1 c5 18. dxc5 Bxc5 {'' Piket.} 19. b4 $6 {'!?' Piket. Having got nothing out of the opening, Karpov aims to liquidate the queenside. Without this move white looks rather passive, but as we shall see in the next note there are definite tactical difficulties to take into account.} axb4 20. axb4 Bxb4 21. Reb1 (21. Rab1 {Piket} Bc5 22. Nxb5 Bxb5 23. Rxb5 d4 24. exd4 Nxd4 25. Nxd4 Rxe1+ 26. Bxe1 Ra1 $15) 21... Bc5 $6 {Natural enough to target the weak e3 pawn, but it would have been much more testing to keep the c5 square free for the knight, and emphasise that, after recovering his pawn white's pieces are quite awkwardly placed.} (21... Bf8 $1 {[%cal Ge6c5]} 22. Nxb5 Bxb5 23. Rxa8 Qxa8 24. Rxb5 Qa6 $1 {[%csl Re2][%cal Ya6e2]} 25. Nc3 $5 (25. Qd3 Rb8 (25... Nc5 $6 26. Qb1) 26. Rb3 Qxd3 $1 (26... Qa1+ 27. Bc1 Nc5 28. Ra3 Nxd3 29. Rxa1 Rb3 (29... Rc8 $5 {[%csl Rc1,Yc2,Re2]} 30. Kg1 Rc2 31. Kf1 Bc5 $15) 30. e4 $6 dxe4 31. fxe4 Nxe4 {also gives serious winning chances.}) 27. Rxd3 Nc5 28. Rd4 (28. Ra3 Rb2) 28... Rb1+ 29. Ng1 Nb3 30. Rd3 Bh6 $17 {[%csl Re3,Rg1]}) (25. Qb2 $2 Nc7 $19) 25... d4 26. Qa2 $8 (26. Qa4 {Piket} Qxa4 27. Nxa4 Ra8) 26... Qxa2 27. Nxa2 Bh6 28. f4 dxe3 29. Bxe3 Nxf4 30. Bxf4 Bxf4 31. Bf3 {and white can look forward to a prolonged period of defence.}) 22. Nxb5 Bxb5 (22... Qd7 {Piket} 23. Nbd4 Nxd4 24. Nxd4 Bxd4 25. exd4 Rac8 $11) 23. Rxa8 Qxa8 24. Rxb5 Qa7 25. Qc3 Qa6 (25... d4 {Piket} 26. exd4 Nxd4 27. Rxc5 Nxe2 28. Qa5 Qxa5 (28... Qd7) 29. Rxa5 Rd8 30. Ra2 $14) 26. Qd3 Ba7 (26... Nc7 {Piket}) 27. Rb3 Qa4 (27... Qxd3 $5 28. Rxd3 Rb8 {looks very safe. Black's activity compensates the bishop pair.}) (27... Qxd3 {Piket}) 28. Rb1 Rd8 $6 29. Bc3 {[%cal Yc3f6,Yb1a1,Ya1a7]} d4 $5 {suddenly this pawn offer is probably the best way to nip white's potential pressure in the bud.} 30. exd4 Nd5 (30... Nxd4 31. Ra1 (31. Rb4 $2 Qc2 $1) 31... Qd7 32. Rxa7 $16) (30... Bxd4 31. Nxd4 Nxd4 32. Ra1 Qb3 33. Rb1 Qd5 $14) 31. Ra1 Qd7 32. Ba5 Re8 33. f4 $6 (33. Bd2 $14) (33. Bd2 $1 {Piket}) 33... Ne3 $1 34. Bf3 (34. Qxe3 {Piket} Nxd4) 34... Nxd4 35. Bc3 Ng4 $2 {'?!' Piket. Time-trouble I suppose, to end a match in which somehow errors did not translate into decisive results!} (35... Qf5 $8 36. Qxf5 Nexf5 $11) (35... Qf5 $1 $11 {Piket}) 36. Kg2 $2 {'?' Piket.} (36. Rxa7 $1 $16) (36. Rxa7 {Piket} Nf2+ 37. Kg2 Qxa7 38. Qxd4 Qxd4 39. Nxd4 Nd3 $16) 36... Ne3+ 37. Kh1 Ng4 $2 38. Kg2 $2 {Piket: 'Repetition of bad moves!'} (38. Rxa7 {Piket} Nf2+ 39. Kg2 Qh3+ (39... Qxa7 40. Qxd4 Qxd4) 40. Kxf2 Qxh2+ 41. Kf1) 38... Ne3+ {and so the traditional result is achieved.} 1/2-1/2